000 00543cam a22002171 4500
001 sa 64002884
003 DLC
005 20260227112013.0
008 891117s1962 ii c 000 0 kano
010 _asa 64002884
035 _a(OCoLC)20668107
040 _aDLC
_cWaU
_dDLC
042 _apremarc
050 0 0 _aML410.V299
_bA3
100 1 _aVāsudēvācārya, K.,
_d1865-1961.
245 1 0 _aNenapugaḷu.
260 _c[1962]
300 _avii, 110 p.
_bports.
_c19 cm.
500 _aIn Kannada.
650 0 _aMusicians
_vCorrespondence.
999 _c57573
_d57573